00392 a2200109 4500001000900000005001700009008004100026245009600067100003000163773007200193999001700265ART_258920260410161719.0260409a 10aTratamieto contable de los sitios Web, ¿estamos los contadores suficientemente informados?1 aScavone, Graciela María0 tContabilidad y auditoríag- Año 17, Nº 33 (jun. 2011)wREV1723 c16799d16799